Strictly Come Dancing Contestants - Statistics

General Stats
  • This quiz has been taken 2,143 times
    177 since last reset
  • The average score is 158 of 324
Answer Stats
Contestant % Correct
Mollie King
78%
Claire King
76%
La Voix
76%
Louis Smith
76%
Maisie Smith
76%
Ross King
76%
Tom Dean
76%
Alex Kingston
73%
Karen Carney
73%
Layton Williams
73%
Amber Davies
71%
Jacqui Smith
71%
Stefan Dennis
71%
Aled Jones
69%
Alex Jones
69%
Bill Bailey
69%
Danny Mac
69%
Jayde Adams
69%
Johnny Ball
69%
Kaye Adams
69%
Tony Adams
69%
Wynne Evans
69%
Zoë Ball
69%
Ashley Roberts
67%
Ed Balls
67%
Gethin Jones
67%
Kelvin Fletcher
67%
Les Dennis
67%
Nicola Adams
67%
Sara Davies
67%
Tom Fletcher
67%
Helen George
65%
Judy Murray
65%
Stacey Dooley
65%
Thom Evans
65%
Alesha Dixon
63%
Denise Lewis
63%
George Clarke
63%
Jay McGuiness
63%
Jimmy Floyd Hasselbaink
63%
Joe Sugg
63%
Lisa Riley
63%
Max George
63%
Michelle Williams
63%
Rose Ayling-Ellis
63%
Annabel Croft
61%
Caroline Flack
61%
Debbie McGee
61%
Dennis Taylor
61%
Ellie Simmonds
61%
Ellie Taylor
61%
Jamie Laing
61%
Kimberley Walsh
61%
Lewis Cope
61%
Natasha Kaplinsky
61%
Rachel Riley
61%
Robert Webb
61%
Seann Walsh
61%
Abbey Clancy
59%
Alison Hammond
59%
Ann Widdecombe
59%
Balvinder Sopal
59%
Chris McCausland
59%
Darren Gough
59%
Dave Myers
59%
Dr. Ranj Singh
59%
Ellie Leach
59%
Faye Tozer
59%
JB Gill
59%
Jill Halfpenny
59%
Judge Rinder
59%
Lesley Joseph
59%
Michelle Visage
59%
Pamela Stephenson
59%
Rhys Stephenson
59%
Tilly Ramsay
59%
Verona Joseph
59%
Adam Thomas
57%
Ainsley Harriott
57%
Alex Scott
57%
Aston Merrygold
57%
Chris Hollins
57%
David James
57%
Deborah Meaden
57%
Frankie Bridge
57%
Gregg Wallace
57%
Harry Judd
57%
Iwan Thomas
57%
James Cracknell
57%
Jason Wood
57%
Jessie Wallace
57%
Mark Wright
57%
Ranvir Singh
57%
Adam Peaty
55%
Carol Vorderman
55%
Chelsee Healey
55%
Chris Robshaw
55%
Hamza Yassin
55%
Jake Wood
55%
Krishnan Guru-Murthy
55%
Mark Ramprakash
55%
Rev. Richard Coles
55%
AJ Odudu
53%
Austin Healey
53%
Chris Ramsey
53%
Emma Bunton
53%
Gabby Logan
53%
John Whaite
53%
Jo Wood
53%
Judi Love
53%
Louise Redknapp
53%
Matt Baker
53%
Nicholas Owen
53%
Ore Oduba
53%
Sid Owen
53%
Susanna Reid
53%
Tasha Ghouri
53%
Thomas Skinner
53%
Bobby Brazier
51%
Colin Jackson
51%
Dani Harmer
51%
Emma Weymouth
51%
Helen Skelton
51%
Jason Bell
51%
Karim Zeroual
51%
Katie Derham
51%
Kenny Logan
51%
Kym Marsh
51%
Lesley Garrett
51%
Letitia Dean
51%
Patsy Palmer
51%
Paul Daniels
51%
Phil Daniels
51%
Rachel Stevens
51%
Scott Mills
51%
Victoria Pendleton
51%
Angela Rippon
49%
Angela Scanlon
49%
Emma Barton
49%
Fleur East
49%
Heather Small
49%
Jade Johnson
49%
Jamie Borthwick
49%
Jerry Hall
49%
Joe McFadden
49%
Lee Ryan
49%
Matt Dawson
49%
Nancy Dell'Olio
49%
Nick Knowles
49%
Russell Grant
49%
Simon Webbe
49%
Sophie Ellis-Bextor
49%
Toyah Willcox
49%
Tyler West
49%
Amanda Abbington
47%
Carol Kirkwood
47%
Christopher Parker
47%
Clara Amfo
47%
Dan Walker
47%
David Dickinson
47%
Edwina Currie
47%
Ellie Goldstein
47%
Graeme Swann
47%
Greg Rutherford
47%
James Martin
47%
Jeremy Vine
47%
Jody Cundy
47%
Kara Tointon
47%
Kellie Bright
47%
Michael Vaughan
47%
Montell Douglas
47%
Paul Merson
47%
Pete Wicks
47%
Saffron Barker
47%
Sam Quek
47%
Tony Jacklin
47%
Vicky Pattison
47%
Andrew Castle
45%
Audley Harrison
45%
Diarmuid Gavin
45%
Gemma Atkinson
45%
Jamelia
45%
James Bye
45%
Jason Donovan
45%
Jonnie Peacock
45%
Kelly Brook
45%
Molly Rainford
45%
Naga Munchetty
45%
Nigel Harman
45%
Nina Wadia
45%
Patrick Robinson
45%
Sarah Hadland
45%
Simon Rimmer
45%
Susannah Constantine
45%
Tom Chambers
45%
Anita Rani
43%
Claire Sweeney
43%
Claudia Fragapane
43%
Dr. Punam Krishan
43%
Eddie Kadi
43%
Gavin Henson
43%
Gillian Taylforth
43%
Goldie
43%
HRVY
43%
Jan Ravens
43%
Jimmy Tarbuck
43%
JJ Chalmers
43%
John Sergeant
43%
Julian Clary
43%
Julien Macdonald
43%
Katie Piper
43%
Lauren Steadman
43%
Lisa Snowdon
43%
Mark Foster
43%
Martin Offiah
43%
Nicky Byrne
43%
Peter Andre
43%
Peter Schmeichel
43%
Rav Wilding
43%
Richie Anderson
43%
Rory Bremner
43%
Steve Backshall
43%
Tim Wonnacott
43%
Ugo Monye
43%
Will Bayley
43%
Will Young
43%
Zara McDermott
43%
Alexandra Burke
41%
Anastacia
41%
Anita Dobson
41%
Anneka Rice
41%
Anthony Ogogo
41%
Denise van Outen
41%
Felicity Kendal
41%
Greg Wise
41%
Holly Valance
41%
Jodie Kidd
41%
Lulu
41%
Martina Hingis
41%
Natalie Cassidy
41%
Nikita Kanda
41%
Phil Tufnell
41%
Ricky Whittle
41%
Robbie Savage
41%
Roger Black
41%
Ruth Langsford
41%
Shayne Ward
41%
Susan Calman
41%
Will Mellor
41%
Zöe Lucker
41%
Charles Venn
39%
Christine Bleakley
39%
Daisy Lowe
39%
Daniel O'Donnell
39%
Dev Griffin
39%
DJ Spoony
39%
Don Warrington
39%
Esther Rantzen
39%
Fiona Phillips
39%
Jennifer Gibney
39%
Joe Calzaghe
39%
John Barnes
39%
Kate Garraway
39%
Mike Bushell
39%
Natalie Gumede
39%
Peter Shilton
39%
Quentin Willson
39%
Tameka Empson
39%
Tina O'Brien
39%
Vick Hope
39%
Willie Thorne
39%
Bill Turnbull
37%
Brian Capron
37%
Danny John-Jules
37%
Dominic Littlewood
37%
Fern Britton
37%
Harry Aikines-Aryeetey
37%
Katie McGlynn
37%
Louisa Lytton
37%
Matt Goss
37%
Melvin Odoom
37%
Richard Dunwoody
37%
Scott Maslen
37%
Vanessa Feltz
37%
Ashley Taylor Dawson
35%
Ben Cohen
35%
Brian Conley
35%
Caroline Quentin
35%
Gary Rhodes
35%
Kate Silverton
35%
Patsy Kensit
35%
Penny Lancaster Stewart
35%
Pixie Lott
35%
Richard Arnold
35%
Stephanie Beacham
35%
Sunetra Sarker
35%
Ali Bastian
33%
Carol Smillie
33%
Catherine Tyldesley
33%
Charlotte Hawkins
33%
Dan Lobb
33%
Georgia May Foote
33%
Laura Whitmore
33%
Matt Di Angelo
33%
Siobhan Hayes
33%
Colin Salmon
31%
Davood Ghadami
31%
Gloria Hunniford
31%
Laila Rouass
31%
Lynda Bellingham
31%
Cherie Lunghi
29%
Chizzy Akudolu
29%
Craig Kelly
29%
Jaye Jacobs
29%
Jimi Mistry
29%
Mark Benton
29%
Ray Fearon
29%
Sarah Manners
29%
Fiona Fullerton
27%
Georgina Bouzová
27%
Kirsty Gallacher
27%
Mica Paris
27%
Ricky Groves
27%
Will Thorp
27%
No matching quizzes found
Score Distribution
Percent of People with Each Score
Percentile by Number Answered
Your Score History
You have not taken this quiz since the last reset